000
00335nam a2200133Ia 4500
008
231017s9999 xx 000 0 und d
082
_a
629.13
082
_b
PAC
245
0
_a
Design of concrete airport pavement
245
0
_c
Portland cement association
260
_b
Portland cement association
300
_c
30cm
942
_c
REP
999
_c
606519
_d
606519